000 00859nas a2200289 4500
001 BR8704835
003 BR-BrBNA
005 20231205090723.0
007 ta
008 230509b bl.|||p| |||| 00| 00por d
040 _aBR-BrBNA
_bpor
_cBiblioteca Nacional de Agricultura
041 _a(Pt)
072 _aL70
100 1 _aMoraes, A.N. de
100 1 _aFialho, S.A.G.
100 1 _aRodaski, S.
100 1 _aPippi, N.L.
100 1 _aFaria, M.A.R.
245 1 _aUso isolado do brometo de fazadinio (Fazadon)em caes
246 1 _a[Fazadinium Bromide (Fazadon)used isolated in dogs]
650 _aCAO
650 _aMEDICAMENTO
650 _aMUSCULO
773 0 _tRevista do Centro de Ciencias Rurais (Brazil)
_xISSN 0085-5901
_g(Jan-Mar 1986), v. 16(1) p. 71-78
_wBR8704835
909 _a202311
_bLúcia
_c55
_dLúcia Elande
942 _2AGRIS
_n0
_cANA
999 _c120455
_d120455